000
00213 a2200097 4500
001
4572
100
_a
Gevey,A
245
_a
Advanced mathematics for tech students
260
_a
_b
Longmans
_c
090
_c
3766
_d
3766
942
_a
NUST-CAE
_c
M
_c
30007
999
_c
239645
_d
239645